<?xml version="1.0" encoding="UTF-8"?>
<marc:record xmlns:marc="http://www.loc.gov/MARC21/slim">
   <marc:leader>00000nam a2200000 a 4500</marc:leader>
   <marc:datafield ind1=" " ind2=" " tag="653">
      <marc:subfield code="a">Kolonialismus</marc:subfield>
   </marc:datafield>
   <marc:datafield ind1=" " ind2=" " tag="653">
      <marc:subfield code="a">Indien</marc:subfield>
   </marc:datafield>
   <marc:datafield ind1=" " ind2=" " tag="653">
      <marc:subfield code="a">China</marc:subfield>
   </marc:datafield>
   <marc:datafield ind1="0" ind2="0" tag="245">
      <marc:subfield code="a">Kolonisierung als weltgeschichtliches Phänomen. Symposium v.14. bis. 17. Juni 1990 im Schwarzwaldhotel, Titisee</marc:subfield>
   </marc:datafield>
   <marc:datafield ind1=" " ind2="1" tag="264">
      <marc:subfield code="a">Stuttgart</marc:subfield>
      <marc:subfield code="b">Breuninger Kolleg</marc:subfield>
      <marc:subfield code="c">1990</marc:subfield>
   </marc:datafield>
   <marc:datafield ind1="1" ind2=" " tag="520">
      <marc:subfield code="a">Ausgehend von den zwei großen Kolonisationsphänomenen - dem griechischen und dem römischen - wird über die Regionen Ägypten, China, Indien sowie Ostkolonisation und Iberoamerika referiert. Dabei wird fallweise versucht, historische und ökologische Beziehungen herzustellen wobei jedoch unklar bleibt, ob sich ein weltgeschichtlicher Prozeß unter Addition der verschiedenen Typen von Vorgängen konstituiert hat.</marc:subfield>
   </marc:datafield>
   <marc:datafield ind1="0" ind2=" " tag="490">
      <marc:subfield code="v">0</marc:subfield>
   </marc:datafield>
   <marc:datafield ind1=" " ind2=" " tag="300">
      <marc:subfield code="a">118 S., Anh.</marc:subfield>
   </marc:datafield>
</marc:record>
